Pocoyo tempo para brincar! (Registo nº 1232)

Detalhes MARC
000 -Etiqueta do registo
Cabeçalho 00619nam0a2200265 4500
005 - Identificador da versão
Campo de controlo 20240813121830.0
010 ## - Número internacional normalizado dos livros (ISBN)
Número (ISBN) 9789722033909
021 ## - Número do Depósito Legal
Código do país PT
Número 277 741/08
100 ## - Dados gerais de processamento
Dados gerais de processamento 20110114d20072008b y0pory5003 ba
102 ## - Pais de publicação ou produção
País de publicação Portugal
101 1# - Língua de publicação
Língua do texto, banda sonora, etc. Português
Língua do documento no original Inglês
106 ## - Campo de dados codificados: material textual
Dados codificados do material textual r
105 ## - Campo de dados codificados: livros
Dados codificados dos livros a z 001yy
215 ## - Descrição física 
Indicação específica da natureza do documento e extensão da espécie [10] p
Outras indicações físicas il
200 1# - Titulo e menção de responsabilidade
Título próprio Pocoyo tempo para brincar!
225 2# - Colecção 
Título próprio da colecção Pocoyo rir e aprender
205 ## - Menção da edição
Menção da edição 2 ed
210 ## - Publicação, Distribuição, etc. 
Lugar da edição, distribuição, etc. Lisboa
Nome do editor, distribuidor, etc. Dom Quixote
Data da publicação, distribuição, etc. 2008
300 ## - Notas gerais 
Texto da nota Baseado na série da TV
304 ## - Notas relativas a título e menção de responsabilidade 
Texto da nota Tít. orig.:
942 ## - Elementos de entrada adicionados (Koha)
Tipo de item no Koha Livro
Exemplares
Situação do levantamento Origin of item (home branch) (coded) Biblioteca de empréstimo Código de barras Cota Circulation type (not for loan) Tipo de documento Nota do exemplar Damaged status
  Biblioteca Escolar Eng. Nuno Mergulhão Biblioteca Escolar Eng. Nuno Mergulhão BENM2487 8EST POC   Livro Sem mensagem